Statistics for Biggest City in Time Zones

Click here to take the quiz!

General Stats

  • This quiz has been taken 29,167 times
    (9,990 since last reset)
  • The average score is 16 of 31

Answer Stats

Time Population Answer % Correct
GMT -5:0021,900,000New York City
95%
GMT14,700,000London
95%
GMT -8:0017,800,000Los Angeles
91%
GMT +9:0040,200,000Tokyo
90%
GMT +3:0017,200,000Moscow
88%
GMT +10:005,200,000Sydney
81%
GMT -6:0022,800,000Mexico City
79%
GMT +5:3029,400,000Delhi
78%
GMT +2:0020,500,000Cairo
72%
GMT -3:0022,200,000São Paulo
71%
GMT +7:0027,400,000Jakarta
63%
GMT +1:0018,800,000Lagos
60%
GMT +3:3015,000,000Tehran
60%
GMT -10:001,000,000Honolulu
59%
GMT +8:0045,600,000Guangzhou
58%
GMT +12:001,490,000Auckland
52%
GMT +5:0017,300,000Karachi
46%
GMT +6:0019,500,000Dhaka
45%
GMT -7:004,575,000Phoenix
41%
GMT -9:00251,000Anchorage
41%
GMT -4:007,200,000Santiago
37%
GMT +4:304,150,000Kabul
32%
GMT +4:004,900,000Dubai
26%
GMT +5:453,025,000Kathmandu
20%
GMT +9:301,340,000Adelaide
19%
GMT +6:305,500,000Yangon
16%
GMT +13:0036,700Apia, Samoa
15%
GMT -3:30178,000St. John's
10%
GMT -1:00159,000Praia, Cape Verde
8%
GMT -11:0011,500Pago Pago, American Samoa
4%
GMT +11:00199,000Yuzhno-Sakhalinsk
2%

Score Distribution

Percentile by Number Answered

Percent of People with Each Score

Your Score History

You have not taken this quiz since the last reset